000 00776nam a22002417a 4500
003 UA-OsUOA
001 69265
007 ta
008 20100614b un ||||| |||| 00| 0 ukr d
100 _aИванников И. А.
090 _a340.12
_bИ20
942 _cBK
040 _aUA-OsUOA
_brus
_cUA-OsUOA
_dUA-OsUOA
245 _aАктуальные проблемы теории государства и права
_bУчебное пособие
300 _a344 с.
955 _a2
041 _arus
080 _a340.12
020 _a978-5-93295-592-5
260 _aМ.
_bЮрлитинформ
_c2009
650 7 _a340 Право в цілому. Пропедевтика. Методи та допоміжні правничі науки
_2UDC
999 _c355532
_d355532